Detalles MARC
| 000 -LIDER |
| fixed length control field |
01437nam a2200385 a 4500 |
| 001 - NÚMERO DE CONTROL |
| Identificador de número de control |
000005412 |
| 003 - IDENTIFICACDOR DE NÚMERO DE CONTROL |
| control field |
DO-SdBNP |
| 005 - DATE AND TIME OF LATEST TRANSACTION |
| control field |
20180214101358.0 |
| 007 - CAMPOS FIJOS DE DESCRIPCIÓN FÍSICA |
| fixed length control field |
000005412 |
| 008 - ELEMENTOS DE LONGITUD FIJA |
| fixed length control field |
090819s2007 dr acd 000 0 spa d |
| 020 ## - ISBN |
| International Standard Book Number |
9945852256 |
| 040 ## - FUENTE DE CATALOGACIÓN |
| Agencia que crea de manera original el registro |
BPMSU |
| Idioma de catalogación |
spa |
| Agencia que realiza la transcripción |
BPMSU |
| 049 ## - LOCAL HOLDINGS (OCLC) |
| Holding library |
BNPD |
| 092 ## - LOCALLY ASSIGNED DEWEY DECIMAL CALL NUMBER |
| Número de clasificación |
307.72 |
| Número de ítem (Cutter) |
D331r |
| 100 1# - ASIENTO PRINCIPAL -- NOMBRE PERSONAL |
| Nombre personal |
Del Rosario, Pedro Juan |
| 245 13 - MENCIÓN DE TITULO |
| Título |
La ruralidad dominicana : |
| Subtítulo |
reflexiones para la lucha contra la pobreza / |
| Mención de responsabilidad |
Pedro Juan Del Rosario, José Horacio López ; presentación Rafael Pérez Duvergé. |
| 260 ## - PUBLICACIÓN, DISTRIBUCIÓN, ETC. (PIE DE IMPRENTA) |
| Lugar de publicación, distribución, etc |
Santo Domingo : |
| Nombre del editor, distribuidor, etc. |
Centenario, |
| Fecha de publicación, distribución, etc |
2007. |
| 300 ## - DESCRIPCIÓN FÍSICA |
| Extensión |
vi, 202 p. : |
| Otros detalles físicos |
il., retrs., diagr. ; |
| Dimensiones |
23 cm. |
| 504 ## - NOTA DE BIBLIOGRAFÍA, ETC. |
| Bibliography, etc |
Incluye referencias bibliográficas y notas al pie de las páginas |
| 504 ## - NOTA DE BIBLIOGRAFÍA, ETC. |
| Bibliography, etc |
Bibliografías : p. 188-202 |
| 650 #4 - ENCABEZAMIENTO DE MATERIA--TEMÁTICO |
| Término temático o nombre geográfico como elemento de entrada |
POBREZA |
| Subdivisión geográfica |
REPÚBLICA DOMINICANA |
| 650 #4 - ENCABEZAMIENTO DE MATERIA--TEMÁTICO |
| Término temático o nombre geográfico como elemento de entrada |
CAMPESINOS |
| Subdivisión geográfica |
REPÚBLICA DOMINICANA |
| 650 #4 - ENCABEZAMIENTO DE MATERIA--TEMÁTICO |
| Término temático o nombre geográfico como elemento de entrada |
MIGRACIÓN RURAL - URBANA |
| Subdivisión geográfica |
REPÚBLICA DOMINICANA |
| 650 #4 - ENCABEZAMIENTO DE MATERIA--TEMÁTICO |
| Término temático o nombre geográfico como elemento de entrada |
DESARROLLO RURAL |
| Subdivisión geográfica |
REPÚBLICA DOMINICANA |
| 650 #4 - ENCABEZAMIENTO DE MATERIA--TEMÁTICO |
| Término temático o nombre geográfico como elemento de entrada |
POBREZA RURAL |
| Subdivisión geográfica |
REPÚBLICA DOMINICANA |
| 700 1# - ASIENTO SECUNDARIO -- NOMBRE PERSONAL |
| Nombre personal |
López, José Horacio |
| 700 1# - ASIENTO SECUNDARIO -- NOMBRE PERSONAL |
| Nombre personal |
Pérez Duvergé, Rafael |
| 910 ## - VALIDACIÓN |
| Validación |
Validado. Control de calidad MFF |
| 930 #1 - EQUIVALENCE OR CROSS-REFERENCE-UNIFORM TITLE HEADING [LOCAL, CANADA] |
| Language of a work |
BND01 |
| Medium of performance for music |
LF1 |
| Field link and sequence number |
20101014 |
| Date of a work |
04 |
| Name of part/section of a work |
CT |
| Miscellaneous information |
15032 |
| 942 ## - ADDED ENTRY ELEMENTS (KOHA) |
| Source of classification or shelving scheme |
Dewey Decimal Classification |
| Koha item type |
Libros |
| 945 ## - INFORMACIÓN DE PROCESAMIENTO LOCAL |
| Información de procesamiento local |
inventariado, 2018 / dg |
| 956 ## - LOCAL ELECTRONIC LOCATION AND ACCESS (OCLC) |
| Nombre de host |
JPARRA |
| Número de acceso |
10 |
| Información de compresión |
20090819 |
| Inicio de sesión |
BND01 |
| Procesador de solicitud |
1107 |
| 956 ## - LOCAL ELECTRONIC LOCATION AND ACCESS (OCLC) |
| Nombre de host |
BTAVAREZ |
| Número de acceso |
10 |
| Información de compresión |
20090821 |
| Inicio de sesión |
BND01 |
| Procesador de solicitud |
0857 |
| 956 ## - LOCAL ELECTRONIC LOCATION AND ACCESS (OCLC) |
| Nombre de host |
VMATEO |
| Número de acceso |
10 |
| Información de compresión |
20150427 |
| Inicio de sesión |
BND01 |
| Procesador de solicitud |
00151 |